Statistics for 20 Countries That Received The Most Points In Eurovision (1956-2022)

Click here to take the quiz!

General Stats

  • This quiz has been taken 108 times
  • The average score is 18 of 20

Answer Stats

Number Of PointsAnswer% Correct
5809Sweden
100%
4522United Kingdom
100%
3640Norway
99%
3706Ireland
98%
4117France
96%
3339Germany
96%
2981Spain
96%
3329Belgium
95%
2895Denmark
95%
4416Italy
95%
3403Netherlands
91%
3593Russia
91%
3272Ukraine
91%
2807Portugal
89%
3254Greece
88%
3471Switzerland
84%
3414Israel
80%
2564Turkey
79%
2514Malta
67%
2390Cyprus
62%

Score Distribution

Percentile by Number Answered

Percent of People with Each Score

Your Score History

You have not taken this quiz